[Event "Prague Open 2022 - A IM Open"]
[Site "Olympik hotel, Prague"]
[Date "2022.01.08"]
[Round "2"]
[Board "1"]
[White "Schouten, Mathias Lind"]
[Black "Urkedal, Frode Olav Olsen"]
[Result "0-1"]
[WhiteElo "2165"]
[BlackElo "2553"]
[PlyCount "0"]
[EventDate "2022.01.07"]
[EventRounds "9"]
[EventCountry "CZE"]

1. e4 {[%clk 1:30:56]} e5 {[%clk 1:30:00]} 2. Nf3 {[%clk 1:31:21]} Nc6
{[%clk 1:30:25]} 3. Bc4 {[%clk 1:31:46]} Nf6 {[%clk 1:30:48]} 4. d4
{[%clk 1:32:03]} exd4 {[%clk 1:31:06]} 5. O-O {[%clk 1:32:26]} Nxe4
{[%clk 1:31:27]} 6. Nc3 {[%clk 1:32:30]} Nxc3 {[%clk 1:29:02]} 7. bxc3
{[%clk 1:32:24]} Be7 {[%clk 1:24:12]} 8. cxd4 {[%clk 1:32:46]} d5
{[%clk 1:23:39]} 9. Bb5 {[%clk 1:33:10]} O-O {[%clk 1:21:18]} 10. Bxc6
{[%clk 1:33:36]} bxc6 {[%clk 1:21:43]} 11. Ne5 {[%clk 1:33:50]} Bd7
{[%clk 1:19:28]} 12. Qf3 {[%clk 1:34:11]} Be8 {[%clk 1:16:34]} 13. Re1
{[%clk 1:31:24]} f6 {[%clk 1:10:53]} 14. Nd3 {[%clk 1:29:43]} Bd6
{[%clk 1:07:24]} 15. Bf4 {[%clk 1:22:24]} Qd7 {[%clk 1:04:22]} 16. Rab1
{[%clk 1:00:29]} Bg6 {[%clk 1:01:44]} 17. Rb3 {[%clk 0:56:34]} Rae8
{[%clk 0:52:00]} 18. Rxe8 {[%clk 0:48:26]} Rxe8 {[%clk 0:52:20]} 19. Be3
{[%clk 0:48:41]} Qc8 {[%clk 0:46:14]} 20. Qd1 {[%clk 0:44:59]} a5
{[%clk 0:41:54]} 21. Qb1 {[%clk 0:27:14]} Qg4 {[%clk 0:36:02]} 22. h3
{[%clk 0:22:10]} Qe2 {[%clk 0:31:34]} 23. Qc1 {[%clk 0:22:32]} a4
{[%clk 0:28:29]} 24. Rc3 {[%clk 0:22:30]} Rb8 {[%clk 0:28:01]} 25. Bf4
{[%clk 0:17:15]} Bxd3 {[%clk 0:17:43]} 26. Bxd6 {[%clk 0:16:29]} cxd6
{[%clk 0:18:08]} 27. Rxd3 {[%clk 0:16:50]} Re8 {[%clk 0:17:36]} 28. Rc3
{[%clk 0:16:41]} c5 {[%clk 0:17:12]} 29. dxc5 {[%clk 0:16:30]} d4
{[%clk 0:17:32]} 30. Ra3 {[%clk 0:16:58]} Qe1+ {[%clk 0:15:17]} 31. Qxe1
{[%clk 0:17:22]} Rxe1+ {[%clk 0:15:44]} 32. Kh2 {[%clk 0:17:40]} dxc5
{[%clk 0:16:11]} 33. Rxa4 {[%clk 0:18:00]} g5 {[%clk 0:11:55]} 34. Rc4
{[%clk 0:17:35]} Re5 {[%clk 0:12:20]} 35. a4 {[%clk 0:16:56]} Kf7
{[%clk 0:12:26]} 36. a5 {[%clk 0:13:38]} Ke6 {[%clk 0:12:51]} 37. a6
{[%clk 0:10:15]} Kd5 {[%clk 0:13:17]} 38. Ra4 {[%clk 0:10:25]} Re8
{[%clk 0:13:38]} 39. a7 {[%clk 0:10:51]} Ra8 {[%clk 0:14:05]} 40. Ra6
{[%clk 0:09:47]} Kc4 {[%clk 0:14:06]} 41. Kg3 {[%clk 0:08:59]} Kb5
{[%clk 0:12:34]} 42. Rxf6 {[%clk 0:06:29]} Rxa7 {[%clk 0:12:59]} 43. Rf5
{[%clk 0:21:39]} Ra2 {[%clk 0:42:15]} 44. Rxg5 {[%clk 0:22:04]} Rxc2
{[%clk 0:41:14]} 45. f4 {[%clk 0:22:28]} d3 {[%clk 0:39:30]} 46. Kf3
{[%clk 0:22:48]} Re2 {[%clk 0:36:22]} 47. Rd5 {[%clk 0:06:29]} Kc4
{[%clk 0:36:05]} 48. Rd7 {[%clk 0:06:53]} Kc3 {[%clk 0:36:14]} 49. f5
{[%clk 0:07:15]} Re1 {[%clk 0:36:35]} 50. f6 {[%clk 0:07:39]} d2 {[%clk 0:36:51]}
51. f7 {[%clk 0:07:58]} d1=Q+ {[%clk 0:37:14]}  0-1

[Event "Prague Open 2022 - A IM Open"]
[Site "Olympik hotel, Prague"]
[Date "2022.01.08"]
[Round "2"]
[Board "2"]
[White "Pijpers, Arthur"]
[Black "Cornelisse, John"]
[Result "1-0"]
[WhiteElo "2486"]
[BlackElo "2174"]
[PlyCount "0"]
[EventDate "2022.01.07"]
[EventRounds "9"]
[EventCountry "CZE"]

1. e4 {[%clk 1:30:57]} c6 {[%clk 1:30:36]} 2. d4 {[%clk 1:31:22]} d5
{[%clk 1:31:00]} 3. e5 {[%clk 1:31:49]} c5 {[%clk 1:31:24]} 4. Nf3
{[%clk 1:32:15]} Nc6 {[%clk 1:31:40]} 5. dxc5 {[%clk 1:32:40]} Bg4
{[%clk 1:31:52]} 6. b4 {[%clk 1:33:04]} e6 {[%clk 1:20:59]} 7. Bb5
{[%clk 1:32:42]} Qc7 {[%clk 1:20:08]} 8. Nbd2 {[%clk 1:27:52]} Nge7
{[%clk 1:14:36]} 9. O-O {[%clk 1:18:57]} Ng6 {[%clk 1:00:52]} 10. Re1
{[%clk 1:08:21]} Be7 {[%clk 0:57:01]} 11. h3 {[%clk 1:07:23]} Bxf3
{[%clk 0:57:13]} 12. Nxf3 {[%clk 1:07:49]} O-O {[%clk 0:57:19]} 13. Bxc6
{[%clk 1:07:37]} bxc6 {[%clk 0:57:35]} 14. Bb2 {[%clk 0:49:15]} Rab8
{[%clk 0:54:46]} 15. Bc3 {[%clk 0:49:15]} Rbe8 {[%clk 0:22:06]} 16. Qd2
{[%clk 0:30:04]} Qd7 {[%clk 0:18:12]} 17. Re2 {[%clk 0:28:19]} Bd8
{[%clk 0:16:34]} 18. Rae1 {[%clk 0:23:08]} Bc7 {[%clk 0:15:53]} 19. Qg5
{[%clk 0:15:45]} f6 {[%clk 0:11:20]} 20. exf6 {[%clk 0:12:30]} gxf6
{[%clk 0:11:34]} 21. Qg4 {[%clk 0:12:55]} f5 {[%clk 0:11:25]} 22. Qh5
{[%clk 0:10:05]} Bd8 {[%clk 0:07:03]} 23. Ne5 {[%clk 0:08:19]} Nxe5
{[%clk 0:06:42]} 24. Bxe5 {[%clk 0:08:46]} Qf7 {[%clk 0:05:24]} 25. Qf3
{[%clk 0:06:37]} Qg6 {[%clk 0:04:59]} 26. Re3 {[%clk 0:06:09]} f4
{[%clk 0:02:13]} 27. Ra3 {[%clk 0:05:53]} Rf7 {[%clk 0:02:19]} 28. Ra6
{[%clk 0:05:47]} Qxc2 {[%clk 0:01:56]} 29. Rxc6 {[%clk 0:05:45]} Qd2
{[%clk 0:01:22]} 30. Bc3 {[%clk 0:05:16]} Qxa2 {[%clk 0:01:11]} 31. Rcxe6
{[%clk 0:03:23]} Rxe6 {[%clk 0:00:56]} 32. Rxe6 {[%clk 0:03:51]} Kf8
{[%clk 0:01:14]} 33. Qh5 {[%clk 0:03:30]} Qb1+ {[%clk 0:01:11]} 34. Kh2
{[%clk 0:03:49]} Be7 {[%clk 0:00:59]} 35. Qe5 {[%clk 0:03:28]} Ke8
{[%clk 0:00:48]} 36. Qb8+ {[%clk 0:03:43]} Kd7 {[%clk 0:01:13]} 37. c6+
{[%clk 0:04:08]} Kxe6 {[%clk 0:01:23]} 38. Qe5# {[%clk 0:04:34]}  1-0

[Event "Prague Open 2022 - A IM Open"]
[Site "Olympik hotel, Prague"]
[Date "2022.01.08"]
[Round "2"]
[Board "11"]
[White "Goossens, Hanne"]
[Black "Hrabusa, Matej"]
[Result "1/2-1/2"]
[WhiteElo "2133"]
[BlackElo "2364"]
[PlyCount "0"]
[EventDate "2022.01.07"]
[EventRounds "9"]
[EventCountry "CZE"]

1. e4 {[%clk 1:30:57]} c5 {[%clk 1:30:42]} 2. Nf3 {[%clk 1:31:12]} d6
{[%clk 1:30:53]} 3. d4 {[%clk 1:31:38]} cxd4 {[%clk 1:31:13]} 4. Nxd4
{[%clk 1:32:03]} Nf6 {[%clk 1:31:33]} 5. Nc3 {[%clk 1:32:26]} a6 {[%clk 1:31:58]}
6. Be2 {[%clk 1:32:16]} e5 {[%clk 1:32:15]} 7. Nb3 {[%clk 1:32:30]} Be7
{[%clk 1:32:31]} 8. Be3 {[%clk 1:32:52]} Be6 {[%clk 1:32:46]} 9. Nd5
{[%clk 1:33:13]} Nxd5 {[%clk 1:30:25]} 10. exd5 {[%clk 1:32:38]} Bf5
{[%clk 1:30:46]} 11. O-O {[%clk 1:30:05]} Nd7 {[%clk 1:28:26]} 12. f4
{[%clk 1:27:34]} exf4 {[%clk 1:23:15]} 13. Bxf4 {[%clk 1:25:39]} Bg6
{[%clk 1:19:08]} 14. Bh5 {[%clk 1:15:19]} Bxh5 {[%clk 1:13:18]} 15. Qxh5
{[%clk 1:15:16]} Nf6 {[%clk 1:13:38]} 16. Qf3 {[%clk 1:13:50]} O-O
{[%clk 1:12:01]} 17. Nd4 {[%clk 1:12:34]} Qc8 {[%clk 1:03:47]} 18. Kh1
{[%clk 0:37:54]} Re8 {[%clk 0:59:53]} 19. h3 {[%clk 0:21:38]} Qc5
{[%clk 0:57:36]} 20. Nf5 {[%clk 0:15:13]} Qxd5 {[%clk 0:54:41]} 21. Qxd5
{[%clk 0:14:35]} Nxd5 {[%clk 0:55:03]} 22. Bxd6 {[%clk 0:14:46]} Bf6
{[%clk 0:50:53]} 23. c3 {[%clk 0:12:46]} Re6 {[%clk 0:49:02]} 24. Rae1
{[%clk 0:10:55]} Rae8 {[%clk 0:48:18]} 25. Rxe6 {[%clk 0:11:16]} fxe6
{[%clk 0:46:31]} 26. Ng3 {[%clk 0:09:07]} Ne3 {[%clk 0:45:33]} 27. Rf3
{[%clk 0:06:13]} Nc4 {[%clk 0:45:09]} 28. Ne4 {[%clk 0:06:33]} Nxd6
{[%clk 0:42:13]} 29. Nxd6 {[%clk 0:06:12]} Rd8 {[%clk 0:42:20]} 30. Ne4
{[%clk 0:02:59]} Rd1+ {[%clk 0:41:59]} 31. Kh2 {[%clk 0:03:28]} Be5+
{[%clk 0:42:18]} 32. g3 {[%clk 0:01:19]} Re1 {[%clk 0:42:04]} 33. Nc5
{[%clk 0:01:30]} Re2+ {[%clk 0:41:40]} 34. Kh1 {[%clk 0:01:09]} Rxb2
{[%clk 0:41:09]} 35. Nxe6 {[%clk 0:01:09]} Bf6 {[%clk 0:40:29]} 36. a4
{[%clk 0:01:11]} Ra2 {[%clk 0:33:11]} 37. Nc5 {[%clk 0:01:09]} a5
{[%clk 0:31:42]} 38. Re3 {[%clk 0:00:41]} Kf7 {[%clk 0:29:53]} 39. Nxb7
{[%clk 0:00:46]} Rxa4 {[%clk 0:30:01]} 40. Nd6+ {[%clk 0:00:57]} Kg6
{[%clk 0:30:13]} 41. c4 {[%clk 0:28:25]} Ra2 {[%clk 0:44:26]} 42. c5
{[%clk 0:20:19]} Rc2 {[%clk 0:43:24]} 43. Ra3 {[%clk 0:18:41]} Rxc5
{[%clk 0:41:10]} 44. Nb7 {[%clk 0:19:03]} Rc1+ {[%clk 0:38:28]} 45. Kg2
{[%clk 0:19:16]} Rc2+ {[%clk 0:38:52]} 46. Kh1 {[%clk 0:13:54]} Rc3
{[%clk 0:38:49]} 47. Rxa5 {[%clk 0:14:13]} Rxg3 {[%clk 0:39:07]} 48. Kh2
{[%clk 0:13:55]} Re3 {[%clk 0:35:47]} 49. Kg2 {[%clk 0:08:17]} h5
{[%clk 0:31:01]} 50. Nd6 {[%clk 0:06:39]} Re2+ {[%clk 0:29:12]} 51. Kf3
{[%clk 0:02:33]} Re1 {[%clk 0:27:23]} 52. Ne4 {[%clk 0:02:12]} Bd4
{[%clk 0:20:14]} 53. Rd5 {[%clk 0:02:04]} Bf6 {[%clk 0:14:08]} 54. Nxf6
{[%clk 0:01:12]} gxf6 {[%clk 0:14:29]} 55. h4 {[%clk 0:01:28]} Re5
{[%clk 0:12:22]} 56. Rd4 {[%clk 0:00:55]} Ra5 {[%clk 0:12:23]} 57. Rb4
{[%clk 0:01:01]} Ra3+ {[%clk 0:12:29]} 58. Kg2 {[%clk 0:00:41]} Re3
{[%clk 0:12:19]} 59. Rf4 {[%clk 0:00:45]} Kf7 {[%clk 0:11:42]} 60. Rf5
{[%clk 0:00:51]} Re5 {[%clk 0:11:42]} 61. Rf4 {[%clk 0:01:00]} Ke6
{[%clk 0:11:24]} 62. Kg3 {[%clk 0:01:01]} Rb5 {[%clk 0:09:53]} 63. Ra4
{[%clk 0:00:55]} Ke5 {[%clk 0:09:41]} 64. Rc4 {[%clk 0:00:42]} Rb3+
{[%clk 0:09:04]} 65. Kg2 {[%clk 0:01:05]} Rd3 {[%clk 0:08:47]} 66. Rc6
{[%clk 0:00:49]} f5 {[%clk 0:04:49]} 67. Rh6 {[%clk 0:00:47]} Ke4
{[%clk 0:04:23]} 68. Rxh5 {[%clk 0:01:05]} f4 {[%clk 0:04:19]} 69. Rh8
{[%clk 0:00:53]} Rd2+ {[%clk 0:04:28]} 70. Kf1 {[%clk 0:00:36]} Kf3
{[%clk 0:04:16]} 71. Ke1 {[%clk 0:00:48]} Ra2 {[%clk 0:03:58]} 72. h5
{[%clk 0:00:52]} Ra1+ {[%clk 0:02:40]} 73. Kd2 {[%clk 0:01:18]} Kf2
{[%clk 0:02:29]} 74. h6 {[%clk 0:01:41]} f3 {[%clk 0:02:19]} 75. h7
{[%clk 0:01:08]} Ra7 {[%clk 0:02:36]} 76. Kd3 {[%clk 0:01:22]} Re7
{[%clk 0:02:51]} 77. Kd2 {[%clk 0:01:23]} Rd7+ 78. Kc3 {[%clk 0:01:16]} Rf7
{[%clk 0:03:09]} 79. Kd3 Kf1 {[%clk 0:03:22]} 80. Kd2 {[%clk 0:00:34]} f2
{[%clk 0:03:07]} 81. Kd1 {[%clk 0:00:38]} Rd7+ {[%clk 0:02:23]} 82. Kc2 Re7
{[%clk 0:02:40]} 83. Kd2 {[%clk 0:01:16]} Rg7 84. Kc2 {[%clk 0:01:04]} Rd7
{[%clk 0:01:32]} 85. Kc3 Re7 {[%clk 0:01:05]} 86. Kd2 {[%clk 0:01:11]} Rg7 87.
Kc2 {[%clk 0:01:12]}  1/2-1/2

[Event "Prague Open 2022 - A IM Open"]
[Site "Olympik hotel, Prague"]
[Date "2022.01.08"]
[Round "2"]
[Board "14"]
[White "Mikes, Jan"]
[Black "Adamko, Peter"]
[Result "1/2-1/2"]
[WhiteElo "2332"]
[BlackElo "2113"]
[PlyCount "0"]
[EventDate "2022.01.07"]
[EventRounds "9"]
[EventCountry "CZE"]

1. e4 {[%clk 1:30:57]} e5 {[%clk 1:28:34]} 2. Nf3 {[%clk 1:31:15]} Nc6
{[%clk 1:29:00]} 3. Bb5 {[%clk 1:31:02]} a6 {[%clk 1:29:15]} 4. Ba4
{[%clk 1:31:27]} Nf6 {[%clk 1:29:23]} 5. O-O {[%clk 1:31:36]} Be7
{[%clk 1:29:44]} 6. Re1 {[%clk 1:32:01]} b5 {[%clk 1:28:27]} 7. Bb3
{[%clk 1:32:27]} O-O {[%clk 1:28:53]} 8. a4 {[%clk 1:32:11]} Rb8 {[%clk 1:21:45]}
9. axb5 {[%clk 1:13:04]} axb5 {[%clk 1:22:09]} 10. c3 {[%clk 1:13:16]} d5
{[%clk 1:15:07]} 11. exd5 {[%clk 1:13:32]} Nxd5 {[%clk 1:15:32]} 12. d4
{[%clk 1:08:13]} exd4 {[%clk 1:12:34]} 13. Nxd4 {[%clk 1:08:38]} Nxd4
{[%clk 1:11:27]} 14. Qxd4 {[%clk 1:09:03]} Be6 {[%clk 1:11:07]} 15. Rd1
{[%clk 1:03:06]} c6 {[%clk 1:04:06]} 16. Bc2 {[%clk 0:58:38]} Qb6
{[%clk 0:58:48]} 17. Qxb6 {[%clk 0:53:13]} Nxb6 {[%clk 0:57:18]} 18. Ra6
{[%clk 0:52:16]} Bd5 {[%clk 0:53:16]} 19. b3 {[%clk 0:48:37]} Bf6
{[%clk 0:53:03]} 20. Be3 {[%clk 0:48:16]} Nd7 {[%clk 0:48:32]} 21. f4
{[%clk 0:40:28]} Rb7 {[%clk 0:41:30]} 22. Bd4 {[%clk 0:35:31]} Bxd4+
{[%clk 0:37:48]} 23. Rxd4 {[%clk 0:35:55]} Nc5 {[%clk 0:36:58]} 24. Ra3
{[%clk 0:28:52]} Ne6 {[%clk 0:36:45]} 25. Rd2 {[%clk 0:27:24]} Nxf4
{[%clk 0:36:49]} 26. c4 {[%clk 0:26:39]} bxc4 {[%clk 0:35:52]} 27. bxc4
{[%clk 0:27:05]} Bxc4 {[%clk 0:35:25]} 28. Ra4 {[%clk 0:27:30]} Bb3
{[%clk 0:35:52]} 29. Bxh7+ {[%clk 0:27:56]} Kxh7 {[%clk 0:35:36]} 30. Rxf4
{[%clk 0:28:22]} Be6 {[%clk 0:34:19]} 31. Nc3 {[%clk 0:28:38]} Ra8
{[%clk 0:33:10]} 32. h3 {[%clk 0:27:05]} g6 {[%clk 0:30:47]} 33. Ne4
{[%clk 0:25:47]} Kg7 {[%clk 0:26:23]} 34. Nf6 {[%clk 0:18:16]} c5
{[%clk 0:25:25]} 35. h4 {[%clk 0:17:51]} Rb4 {[%clk 0:25:14]} 36. Rdf2
{[%clk 0:16:58]} Rxf4 {[%clk 0:23:55]} 37. Rxf4 {[%clk 0:17:24]} c4
{[%clk 0:22:31]} 38. Ne4 {[%clk 0:16:57]} Ra3 {[%clk 0:21:55]} 39. Kf2
{[%clk 0:13:52]} c3 {[%clk 0:12:20]} 40. Ke3 {[%clk 0:11:53]} c2+
{[%clk 0:11:02]} 41. Kd2 {[%clk 0:12:19]} Bf5 {[%clk 0:06:31]} 42. g4
{[%clk 0:10:27]} Bxe4 {[%clk 0:06:22]} 43. Rxe4 {[%clk 0:10:53]} Rc3
{[%clk 0:06:36]} 44. Kc1 {[%clk 0:11:03]} f5 {[%clk 0:02:48]} 45. gxf5
{[%clk 0:10:58]} gxf5 {[%clk 0:03:14]} 46. Re2 {[%clk 0:07:20]} Kh6
{[%clk 0:29:07]} 47. Rf2 {[%clk 0:37:19]} Rc5 {[%clk 0:29:00]} 48. Rf4
{[%clk 0:36:20]} Kg6 {[%clk 0:25:29]} 49. Rf2 {[%clk 0:36:24]} Ra5
{[%clk 0:12:37]} 50. Rxc2 {[%clk 0:34:45]} Ra4 {[%clk 0:12:44]} 51. Kd2
{[%clk 0:32:18]} Rxh4 {[%clk 0:11:56]} 52. Ke3 {[%clk 0:32:39]} Kg5
{[%clk 0:10:44]} 53. Kf3 {[%clk 0:27:39]} Rh3+ {[%clk 0:10:42]} 54. Kg2
{[%clk 0:28:01]} Ra3 {[%clk 0:11:06]} 55. Rb2 {[%clk 0:26:44]} Kg4
{[%clk 0:11:24]} 56. Rc2 {[%clk 0:20:14]} f4 {[%clk 0:11:44]} 57. Rb2
{[%clk 0:20:37]} Rg3+ {[%clk 0:10:44]} 58. Kf2 {[%clk 0:20:50]} Rh3
{[%clk 0:10:52]} 59. Rb8 {[%clk 0:21:10]} Rh2+ {[%clk 0:10:48]} 60. Kg1
{[%clk 0:21:37]} Ra2 {[%clk 0:11:11]} 61. Rb3 {[%clk 0:21:58]}  1/2-1/2

[Event "Prague Open 2022 - A IM Open"]
[Site "Olympik hotel, Prague"]
[Date "2022.01.08"]
[Round "2"]
[Board "16"]
[White "Lorans, Sylvain"]
[Black "Acor, Corey"]
[Result "0-1"]
[WhiteElo "2110"]
[BlackElo "2303"]
[PlyCount "0"]
[EventDate "2022.01.07"]
[EventRounds "9"]
[EventCountry "CZE"]

1. d4 {[%clk 1:30:58]} Nf6 {[%clk 1:28:34]} 2. c4 {[%clk 1:31:25]} e5
{[%clk 1:28:20]} 3. dxe5 {[%clk 1:31:51]} Ng4 {[%clk 1:28:43]} 4. Bf4
{[%clk 1:32:13]} Nc6 {[%clk 1:28:59]} 5. Nf3 {[%clk 1:32:38]} Bb4+
{[%clk 1:29:22]} 6. Nbd2 {[%clk 1:33:04]} Qe7 {[%clk 1:29:48]} 7. e3
{[%clk 1:33:26]} Ngxe5 {[%clk 1:30:11]} 8. Nxe5 {[%clk 1:33:48]} Nxe5
{[%clk 1:30:37]} 9. Be2 {[%clk 1:34:09]} d6 {[%clk 1:30:50]} 10. O-O
{[%clk 1:34:34]} O-O {[%clk 1:30:09]} 11. Nb3 {[%clk 1:32:36]} b6
{[%clk 1:28:09]} 12. Nd4 {[%clk 1:01:58]} Bc5 {[%clk 1:24:15]} 13. b4
{[%clk 0:54:07]} Bxb4 {[%clk 1:11:25]} 14. Bxe5 {[%clk 0:53:16]} dxe5
{[%clk 1:10:59]} 15. Nc6 {[%clk 0:53:37]} Qc5 {[%clk 1:08:45]} 16. Bf3
{[%clk 0:49:19]} Bb7 {[%clk 1:07:50]} 17. Qa4 {[%clk 0:47:06]} Bxc6
{[%clk 1:01:31]} 18. Bxc6 {[%clk 0:47:30]} Rad8 {[%clk 1:01:54]} 19. Rfd1
{[%clk 0:37:10]} a5 {[%clk 0:55:54]} 20. Qb5 {[%clk 0:26:16]} Qe7
{[%clk 0:40:57]} 21. Rd5 {[%clk 0:14:08]} Bd6 {[%clk 0:40:24]} 22. Rad1
{[%clk 0:13:09]} f5 {[%clk 0:39:38]} 23. Qb1 {[%clk 0:05:10]} e4 {[%clk 0:36:38]}
24. Qb2 {[%clk 0:04:43]} f4 {[%clk 0:22:03]} 25. exf4 {[%clk 0:03:04]} e3
{[%clk 0:22:04]} 26. fxe3 {[%clk 0:03:14]} Qxe3+ {[%clk 0:22:27]} 27. Qf2
{[%clk 0:01:51]} Qxf2+ {[%clk 0:22:31]} 28. Kxf2 {[%clk 0:02:17]} Rxf4+
{[%clk 0:22:54]} 29. Kg1 {[%clk 0:01:22]} Rxc4 {[%clk 0:22:15]} 30. Rxd6
{[%clk 0:00:53]} Rxd6 {[%clk 0:22:27]} 31. Bd5+ {[%clk 0:01:20]} Rxd5
{[%clk 0:22:35]}  0-1

[Event "Prague Open 2022 - A IM Open"]
[Site "Olympik hotel, Prague"]
[Date "2022.01.08"]
[Round "2"]
[Board "17"]
[White "Mannion, Stephen R"]
[Black "Janous, Marek"]
[Result "1/2-1/2"]
[WhiteElo "2271"]
[BlackElo "2096"]
[PlyCount "0"]
[EventDate "2022.01.07"]
[EventRounds "9"]
[EventCountry "CZE"]

1. e4 {[%clk 1:30:57]} c5 {[%clk 1:29:47]} 2. Nf3 {[%clk 1:31:24]} d6
{[%clk 1:29:54]} 3. d4 {[%clk 1:31:48]} cxd4 {[%clk 1:30:19]} 4. Nxd4
{[%clk 1:32:13]} Nf6 {[%clk 1:30:42]} 5. Nc3 {[%clk 1:32:40]} a6 {[%clk 1:31:06]}
6. f4 {[%clk 1:32:52]} e5 {[%clk 1:30:23]} 7. Nf3 {[%clk 1:33:13]} Nbd7
{[%clk 1:30:22]} 8. a4 {[%clk 1:32:59]} Be7 {[%clk 1:30:46]} 9. Bc4
{[%clk 1:32:49]} O-O {[%clk 1:28:42]} 10. O-O {[%clk 1:33:04]} Qc7
{[%clk 1:29:00]} 11. Qe2 {[%clk 1:33:03]} exf4 {[%clk 1:26:14]} 12. Bxf4
{[%clk 1:32:35]} Ne5 {[%clk 1:26:18]} 13. Bb3 {[%clk 1:31:23]} Bg4
{[%clk 1:24:41]} 14. Kh1 {[%clk 1:30:54]} Rfe8 {[%clk 1:17:30]} 15. Rad1
{[%clk 1:10:19]} h6 {[%clk 1:04:57]} 16. Nd5 {[%clk 0:59:07]} Nxd5
{[%clk 1:04:36]} 17. Bxd5 {[%clk 0:59:29]} Bf6 {[%clk 1:01:46]} 18. b3
{[%clk 0:59:25]} Rad8 {[%clk 0:55:25]} 19. Qf2 {[%clk 0:46:14]} b5
{[%clk 0:35:36]} 20. axb5 {[%clk 0:43:07]} axb5 {[%clk 0:34:56]} 21. Rd2
{[%clk 0:43:34]} Nxf3 {[%clk 0:14:21]} 22. gxf3 {[%clk 0:43:47]} Be6
{[%clk 0:14:25]} 23. Rg1 {[%clk 0:39:16]} Kh7 {[%clk 0:13:43]} 24. Qg2
{[%clk 0:32:06]} g6 {[%clk 0:10:11]} 25. Rgd1 {[%clk 0:10:47]} Bc3
{[%clk 0:06:19]} 26. Rd3 {[%clk 0:11:04]} Be5 {[%clk 0:06:30]} 27. Be3
{[%clk 0:10:57]} Rc8 {[%clk 0:06:10]} 28. Bxe6 {[%clk 0:06:47]} Rxe6
{[%clk 0:06:01]} 29. f4 {[%clk 0:07:10]} Bh8 {[%clk 0:04:24]} 30. f5
{[%clk 0:05:57]} gxf5 {[%clk 0:04:19]} 31. exf5 {[%clk 0:06:25]} Rg8
{[%clk 0:04:32]} 32. Qf3 {[%clk 0:05:49]} Re7 {[%clk 0:02:28]} 33. Rxd6
{[%clk 0:04:55]} f6 {[%clk 0:02:16]} 34. Qh5 {[%clk 0:02:00]} Qb7+
{[%clk 0:02:27]} 35. R1d5 {[%clk 0:02:24]} Bg7 {[%clk 0:01:21]} 36. Qg6+
{[%clk 0:00:44]} Kh8 {[%clk 0:01:48]} 37. Qg3 {[%clk 0:00:44]} Bf8
{[%clk 0:00:58]} 38. Qf3 {[%clk 0:00:44]} Re5 {[%clk 0:00:33]} 39. Rd7
{[%clk 0:00:56]} Qa8 {[%clk 0:01:02]} 40. h4 {[%clk 0:00:35]} Qa1+
{[%clk 0:00:57]} 41. Rd1 {[%clk 0:27:12]} Qc3 {[%clk 0:31:04]} 42. R7d3
{[%clk 0:22:55]} Qb4 {[%clk 0:15:31]} 43. Bf2 {[%clk 0:11:44]} Re4
{[%clk 0:05:57]} 44. Rd4 {[%clk 0:08:04]} Rxd4 {[%clk 0:06:21]} 45. Bxd4
{[%clk 0:07:30]} Bg7 {[%clk 0:05:00]} 46. Qd5 {[%clk 0:05:31]} Re8
{[%clk 0:04:36]} 47. c3 {[%clk 0:04:13]} Qe7 {[%clk 0:04:17]} 48. Rg1
{[%clk 0:04:28]} Qe2 {[%clk 0:02:23]} 49. Qg2 {[%clk 0:04:03]} Qe4
{[%clk 0:01:58]} 50. Qxe4 {[%clk 0:03:38]} Rxe4 {[%clk 0:02:26]} 51. Rg6
{[%clk 0:03:53]} Rxh4+ {[%clk 0:02:25]} 52. Kg2 {[%clk 0:04:17]} Rh5
{[%clk 0:02:12]} 53. Bxf6 {[%clk 0:03:25]} Bxf6 {[%clk 0:02:41]} 54. Rxf6
{[%clk 0:03:50]} Kg7 {[%clk 0:03:03]} 55. Rg6+ {[%clk 0:03:55]} Kh7
{[%clk 0:03:02]} 56. Rc6 {[%clk 0:04:19]} Rxf5 {[%clk 0:03:25]} 57. b4
{[%clk 0:04:45]} Kg7 {[%clk 0:03:05]} 58. Kg3 {[%clk 0:05:12]} h5
{[%clk 0:02:40]} 59. Kh4 {[%clk 0:05:36]} Re5 {[%clk 0:02:28]} 60. Rb6
{[%clk 0:04:59]} Re4+ {[%clk 0:01:51]} 61. Kxh5 {[%clk 0:04:38]} Rc4
{[%clk 0:02:09]} 62. Rxb5 {[%clk 0:04:15]} Rxc3 {[%clk 0:02:35]} 63. Rf5
{[%clk 0:04:26]} Rb3 {[%clk 0:02:34]} 64. Rf4 {[%clk 0:04:40]} Rb1
{[%clk 0:02:34]} 65. Kg5 {[%clk 0:04:35]} Rb2 {[%clk 0:02:35]} 66. Kf5
{[%clk 0:04:46]} Kf7 {[%clk 0:03:00]} 67. Re4 {[%clk 0:04:47]} Rb1
{[%clk 0:02:57]} 68. Ke5 {[%clk 0:04:36]} Ke7 {[%clk 0:03:26]} 69. Kd5+
{[%clk 0:04:55]} Kd7 {[%clk 0:03:48]} 70. Kc5 {[%clk 0:05:17]} Kc7
{[%clk 0:03:50]} 71. Kb5 {[%clk 0:05:26]} Kb7 {[%clk 0:03:55]} 72. Re7+
{[%clk 0:05:47]} Kb8 {[%clk 0:03:30]} 73. Rh7 {[%clk 0:05:39]} Rb2
{[%clk 0:03:25]} 74. Ka5 {[%clk 0:05:32]} Rg2 {[%clk 0:03:15]} 75. b5
{[%clk 0:05:44]} Rg6 {[%clk 0:03:37]} 76. b6 {[%clk 0:05:06]} Rg1
{[%clk 0:04:01]}  1/2-1/2